000 00868nam a22002897a 4500
003 CHAP
005 20220329135142.0
008 971013s1946 r 00010 d
010 _a31762
011 _a32734
035 _a36849
040 _cCHAP
082 _a581.6
_bN45
100 0 0 _aNelson, Alexander.
_980766
245 _aPrinciples of agricultural botany
260 _aLondon :
_bThomas Nelson,
_c1946
300 _a556 p.
_b: ilus.
590 _aBATCH-UPD
_b10
_c20130110
_lUCH01
_h0216
590 _aBATCH-UPD
_b10
_c20130110
_lUCH01
_h1841
590 _aBATCH-UPD
_b10
_c20130410
_lUCH01
_h1211
590 _aBATCH-UPD
_b10
_c20130914
_lUCH01
_h0739
590 _aCONVERSION
_b10
_c20130109
_lUCH01
_h1318
650 1 4 _aBotánica económica.
_914655
901 _aBK
942 _cLIBRO
949 _a581.6 N45
_bBC
_cLIBRO
_d33724000538716
_eLIBRO
_h16404
_i36849
_si
999 _c31762
_d31762